[Event "World Championship 35th-KK5"]
[Site "Lyon/New York"]
[Date "1990.12.05"]
[Round "17"]
[White "Karpov, Anatoly"]
[Black "Kasparov, Garry"]
[Result "1-0"]
[WhiteElo "2730"]
[BlackElo "2800"]
[Annotator "Ftacnik"]
[PlyCount "79"]
[EventDate "1990.10.??"]
[EventType "match"]
[EventRounds "24"]
[EventCountry "USA"]
[Source "ChessBase"]

1. d4 {Gurevich,M} Nf6 2. c4 g6 3. Nc3 d5 4. cxd5 Nxd5 5. e4 Nxc3 6. bxc3 Bg7
7. Be3 c5 8. Qd2 O-O 9. Nf3 Bg4 (9... Qa5 {Gurevich,M} 10. Rc1 $14) 10. Ng5 $5
(10. Be2 {Gurevich,M} Qa5 { 11.... []c6}) 10... cxd4 (10... h6 $6 11. h3 $1
Bh5 12. g4 hxg5 13. gxh5 gxh5 14. Rg1 $40) 11. cxd4 Nc6 12. h3 Bd7 (12... Bxd4
$6 13. Bxd4 Qxd4 14. Qxd4 Nxd4 15. hxg4 Nc2+ 16. Kd2 Nxa1 17. Bd3 $16) (12...
Nxd4 $6 13. hxg4 Rc8 14. Rd1 $1 (14. Rc1 Rxc1+ 15. Qxc1 Qa5+ 16. Bd2 Qxa2 $13)
(14. Bd3 $6 Nc2+ $1 15. Bxc2 Bc3 16. Qxc3 Rxc3 17. Bb3 Rxe3+ 18. fxe3 Qa5+) (
14. Bxd4 Bxd4 15. Rc1 Bxf2+ $1) 14... Nc2+ (14... Rc2 15. Qb4 Nc6 $1 $13) 15.
Ke2 Qc7 16. Kf3 $1 Rfd8 17. Bd3) 13. Rb1 (13. Be2 {Gurevich,M}) 13... Rc8 $1
14. Nf3 (14. Rxb7 Nxd4 15. Bxd4 Bxd4 16. Qxd4 Rc1+ (16... Qa5+ {
Gurevich,M   17.... <<c1|^}) 17. Kd2 Rd1+ $1 18. Kxd1 Ba4+) 14... Na5 15. Bd3
Be6 (15... Nc4 16. Bxc4 Rxc4 17. O-O (17. Rxb7 Bc6 18. Rxa7 Qb6 (18... Bxe4 $44
) 19. d5 (19. Ra3 Qb1+ 20. Qd1 Qb4+ 21. Nd2 Qxa3 22. Nxc4 Qxa2 23. Nd2 Bb5 $40)
19... Qb1+ 20. Qd1 Bc3+ 21. Nd2 (21. Ke2 Qb2+ 22. Kf1 Bb5 23. Kg1 Rxe4) 21...
Bxd2+ 22. Kxd2 Qb4+ 23. Ke2 Bb5 $40) 17... Qc7 (17... b5 18. Rfc1 Ra4 19. d5
$14) 18. Rfc1 b5 19. Rxc4 Qxc4 (19... bxc4 20. Qc3 $1) 20. Rc1 Qe6 21. Rc7 $14)
16. O-O Bc4 (16... Nc4 $6 {Gurevich,M} 17. Bxc4 Bxc4 18. Rfc1 $14) 17. Rfd1 b5
$2 (17... Bxd3 18. Qxd3 Qd7 $6 (18... e6 $5 19. d5 exd5 20. exd5 Nc4) (18...
Nc4 {Gurevich,M} 19. Bf4 $14) 19. d5 (19. Qa3 b6 20. Bg5 $14) 19... Nc4 20. Bd4
) (17... e6 18. Bg5 $1 Qc7 19. Rbc1 $14) 18. Bg5 $1 a6 19. Rbc1 (19. Bxe7 $6
Qxe7 20. Qxa5 Bxd3 21. Rxd3 Qxe4 22. Rdd1 Rc6) 19... Bxd3 (19... Re8 20. Bb1)
20. Rxc8 Qxc8 21. Qxd3 Re8 $2 (21... Nc4 22. Bxe7 Nb2 23. Qd2 Nxd1 24. Bxf8) (
21... Qb7 22. Qa3 (22. d5 Nc4 23. Rb1 Rc8 24. Nd4 Ne5) (22. Rc1 $1 {Gurevich,M}
Nc4 (22... h6 23. Bh4 g5 24. Bg3 Rc8 (24... Nc4 25. a4 $1) 25. Rxc8+ Qxc8 26.
Qa3) 23. a4 $1 Nb2 24. Qa3 Nxa4 25. Qxe7 Qxe7 26. Bxe7 Re8 27. Rc7 {
/>> Gutman/Treppner}) 22... Nc4 23. Qxe7 Qxe7 24. Bxe7 Re8 25. Bc5 Rxe4 26. d5
Nb2 27. Rd2 Nc4 28. Rd3 Nb2 29. Rd2 $10 (29. Ra3 Na4)) (21... Qd7 $10 {
Gurevich,M}) 22. Rc1 Qb7 (22... Qd7 {Gurevich,M} 23. Qa3 Nc4 24. Qxa6 Bxd4 25.
Nxd4 (25. Rb1 $14) 25... Qxd4 26. Qxb5 Nd6 $10) 23. d5 Nc4 (23... h6 24. Bf4
Nc4 25. Nd2 g5 26. Bg3 Nxd2 27. Rc7 $1) 24. Nd2 Nxd2 (24... Ne5 {Gurevich,M}
25. Qc2 { 26.1/4c7>>}) (24... h6 {Gurevich,M} 25. Bf4 $14) 25. Bxd2 $1 (25.
Qxd2 b4 26. Rc6 a5 $132) 25... Rc8 26. Rc6 $1 Be5 (26... Rxc6 27. dxc6 Qxc6 (
27... Qc7 {Gurevich,M} 28. Qd7 Be5 29. Bb4 e6 30. Qe8+ Kg7 31. Qf8+ Kf6 32.
Be7+ Qxe7 33. Qh8+ Kg5 34. Qxe5+ Kh6 35. c7 $18) 28. Qd8+ Bf8 29. Bh6 $18) 27.
Bc3 Bb8 (27... Bxc3 28. Qxc3 Rxc6 29. Qxc6 Qa7 30. e5 $18) 28. Qd4 f6 29. Ba5
Bd6 (29... Qd7 30. Qc5 Rxc6 31. Qxc6 Qd6 32. Qe8+ Kg7 33. Bd8 Qh2+ 34. Kf1 Qh1+
35. Ke2 Bh2 36. Qxe7+ Kh6 37. Bb6 $18) (29... Rxc6 {Gurevich,M} 30. dxc6 Qxc6
31. Qd8+ Kf7 32. Qxb8 Qc1+ (32... Qxe4 $16) 33. Kh2 $18) 30. Qc3 (30. Qb6 $5)
30... Re8 31. a3 Kg7 32. g3 (32. Bc7 $1) 32... Be5 33. Qc5 h5 (33... Bd6 $16 {
Gurevich,M}) 34. Bc7 Ba1 35. Bf4 Qd7 36. Rc7 Qd8 (36... Qxh3 37. Rxe7+ Rxe7 38.
Qxe7+ Kg8 39. Bh6 f5 40. e5) 37. d6 g5 38. d7 Rf8 39. Bd2 Be5 40. Rb7 {
Ftacnik,L} (40. Rb7 {Gurevich,M} Bd6 41. Qc6 Bxa3 42. Be3 { 43.>>b6+-}) 1-0

[Event "World Championship 35th-KK5"]
[Site "Lyon/New York"]
[Date "1990.12.08"]
[Round "18"]
[White "Kasparov, Garry"]
[Black "Karpov, Anatoly"]
[Result "1-0"]
[WhiteElo "2800"]
[BlackElo "2730"]
[Annotator "Gurevich,M"]
[PlyCount "113"]
[EventDate "1990.10.??"]
[EventType "match"]
[EventRounds "24"]
[EventCountry "USA"]
[Source "ChessBase"]

1. e4 {Schussler} e5 2. Nf3 Nc6 3. Bb5 a6 4. Ba4 Nf6 5. O-O Be7 6. Re1 b5 7.
Bb3 d6 8. c3 O-O 9. h3 Nd7 10. d4 Bf6 11. a4 Bb7 12. Na3 exd4 13. cxd4 Nb6 $5 {
N} 14. Bf4 $1 (14. axb5 axb5 15. Bf4 b4 16. Nc4 Rxa1 17. Qxa1 Nxc4 18. Bxc4
Nxd4 $15) 14... bxa4 15. Bxa4 Nxa4 16. Qxa4 a5 (16... Ne7 {Schussler} 17. e5
Ng6 $13) 17. Bd2 { 18.d5} Re8 18. d5 $14 Nb4 19. Bxb4 axb4 20. Qxb4 Rb8 21.
Qc4 $3 (21. Nb5 Qd7 22. Qc4 Bxb2 $2 (22... c6 $1 $15) 23. Rab1 Bxd5 24. exd5
Rxe1+ 25. Rxe1 Rxb5 26. Qxc7 $1 $18) (21. Qd2 c6 $44) 21... Qc8 $6 (21... Bxb2
22. Ra2 c6 $6 (22... Bxa3 23. Rxa3 $16) (22... Qf6 23. Qxc7 Rec8 24. Qd7 Qc3
25. Nb5 Qb3 26. Ra7 $16) (22... Bf6 $5 23. Nb5 Qd7 (23... Re7 {Schussler} 24.
Nfd4 $16 {C7 will remain weak until it is no longer existing.}) 24. Nfd4 Bxd4
25. Nxd4 $14) 23. dxc6 Rc8 24. cxb7 Rxc4 25. Nxc4 $18) 22. Nd4 $1 $16 Ba6 23.
Qc3 c5 (23... Rb6 24. b4 $16) 24. dxc6 Bxd4 25. Qxd4 Qxc6 26. b4 $1 h6 27. Re3
$1 Re6 28. f3 Rc8 29. Rb3 Bb5 $8 30. Rb2 Qb7 (30... Ra8 $5) 31. Nc2 $1 {
 []e3-d5} Qe7 32. Qf2 (32. Ne3 Qg5 $5) 32... Rg6 33. Ne3 Qe5 34. Rbb1 Bd7 35.
Ra5 $1 Qe7 36. Ra7 Qd8 37. Nd5 Kh7 (37... Bxh3 $2 38. Ne7+ $18) 38. Kh2 Rb8 39.
f4 $5 (39. Rc1 $1 { 40.<<cc7 +-}) 39... Re6 40. Qd4 Qe8 $1 41. Re1 $1 (41. Nc7
$2 Rxe4 42. Qd3 (42. Qxd6 Qc8 43. Na6 Bxh3 44. Qxb8 Qg4) 42... Qe7 43. Nd5 Bb5
$1) 41... Bc6 42. Qd3 $1 Qf8 43. Rc1 Bxd5 44. exd5+ Rg6 45. Qf5 $1 $18 Kg8 46.
Rac7 (46. Rcc7 Rf6) 46... Rf6 47. Qd7 Rd8 48. Qxd8 Qxd8 49. Rc8 Qf8 50. R1c4 $1
Rf5 51. Rxf8+ Kxf8 52. Rd4 h5 (52... Ke7 53. g4 Rf6 54. b5 Kd7 55. Rc4 $18) 53.
b5 Ke7 54. b6 Kd7 55. g4 hxg4 56. hxg4 Rf6 57. Rc4 (57. Rc4 Rh6+ 58. Kg3 Rh1
59. Rc7+ $18) 1-0

[Event "World Championship 35th-KK5"]
[Site "Lyon/New York"]
[Date "1990.12.12"]
[Round "19"]
[White "Karpov, Anatoly"]
[Black "Kasparov, Garry"]
[Result "1/2-1/2"]
[WhiteElo "2730"]
[BlackElo "2800"]
[Annotator "Gurevich,M"]
[PlyCount "78"]
[EventDate "1990.10.??"]
[EventType "match"]
[EventRounds "24"]
[EventCountry "USA"]
[Source "ChessBase"]

1. d4 Nf6 2. c4 g6 3. Nc3 Bg7 4. e4 d6 5. Nf3 O-O 6. Be2 e5 7. Be3 c6 8. d5 Ng4
9. Bg5 f6 10. Bh4 Na6 11. Nd2 Nh6 (11... h5 $5) 12. a3 Nf7 13. f3 Bh6 $5 {
 14.... >>e3} 14. Bf2 f5 15. Qc2 Bd7 (15... Qg5 $5 16. Nf1 (16. h4 Qxg2 17.
Rg1 Qh2 18. Bf1 Nc5 $1) 16... Qxg2 17. Rg1 Qh3 18. Rg3 Qh5 19. f4 exf4 20. Bxh5
fxg3 $13) 16. b4 c5 $1 17. Rb1 b6 18. Nf1 Bf4 $5 19. g3 (19. h4 $5) (19. Bd3
Nh6 20. Ng3 $14) 19... Bh6 20. h4 Nc7 21. g4 fxg4 $1 22. fxg4 Bf4 23. Ne3 Ne8
24. Ncd1 $5 (24. Ng2 Nf6 $132) (24. h5 g5 $13) 24... h6 25. h5 g5 26. Rg1 Nf6
27. Rg2 Qc8 $1 $13 28. Kf1 Nd8 29. Kg1 Nb7 30. Kh1 cxb4 31. axb4 a5 $1 (31...
b5 $5 $13) 32. Nf5 Bxf5 33. exf5 (33. gxf5 axb4 34. Rxb4 Qe8 35. Bxb6 Nc5 $36)
33... axb4 34. Rxb4 Nc5 $1 (34... Nxd5 35. Rb5 Ra5 36. Qb3 $44) 35. Rxb6 Nce4
$15 36. Rc6 Qb7 37. Be1 $6 (37. Bf3 Nxf2+ 38. Nxf2 Ra1+ 39. Rg1 Qa7 $15) 37...
Ra1 38. Bf3 Nc5 39. Bc3 Rc1 $17 (39... Rc1 40. Qb2 Qxb2 (40... Qa8 $1 41. Rxd6
$2 (41. Rxc5 $5 dxc5 42. Bxe5 Qa4 43. Bxf6 Rxd1+ 44. Bxd1 Qxd1+ 45. Rg1 Qf3+
46. Rg2 (46. Qg2 Qxg2+ 47. Kxg2 Rxf6 $19) 46... Qf1+ $19) (41. Qa2 Qxa2 (41...
Qa4 42. Qxa4 Nxa4 43. Bb4 e4 44. Be2 Nb2 45. Rg1 Rc2 46. Rg2 Nxd1 47. Bxd1 Rc1
48. Rg1 Ra8 49. Bxd6 Raa1 50. Rc8+ Kf7 51. Rc7+ Ke8 52. Ba4+ Rxa4 53. Rxc1 Bxc1
54. Be7 Nxg4 55. d6 Ra1 56. Rc8+ Kf7 57. Rf8+ Kg7 58. d7 Bf4+ 59. Kg2 Ra2+ 60.
Kh3 (60. Kf1 Rf2+ 61. Kg1 (61. Ke1 Bd2+ 62. Kd1 Ne3#) 61... Bh2+ 62. Kh1 Rf1+
63. Kg2 Rg1+ 64. Kh3 Rg3#) (60. Kh1 Rh2+ 61. Kg1 Be3+ 62. Kf1 Rf2+ 63. Kg1 Rd2+
64. Kf1 Nh2+ 65. Ke1 Nf3+ 66. Kf1 Rf2#) 60... Rh2+ 61. Kxg4 Rh4# {
Bulletin(Speelman/Tisdal/Kristensen)}) 42. Rxa2 Rb8 $17) 41... e4 42. Rxf6 Rxf6
43. Bxf6 exf3 $19) 41. Rxb2 $15) 1/2-1/2

[Event "World Championship 35th-KK5"]
[Site "Lyon/New York"]
[Date "1990.12.26"]
[Round "22"]
[White "Kasparov, Garry"]
[Black "Karpov, Anatoly"]
[Result "1/2-1/2"]
[WhiteElo "2800"]
[BlackElo "2730"]
[Annotator "Gurevich,M"]
[PlyCount "85"]
[EventDate "1990.10.??"]
[EventType "match"]
[EventRounds "24"]
[EventCountry "USA"]
[Source "ChessBase"]

1. e4 {Schussler} e5 2. Nf3 Nc6 3. Bb5 a6 4. Ba4 Nf6 5. O-O Be7 6. Re1 b5 7.
Bb3 d6 8. c3 O-O 9. h3 Bb7 10. d4 Re8 11. Nbd2 Bf8 12. a4 h6 13. Bc2 exd4 14.
cxd4 Nb4 15. Bb1 c5 16. d5 Nd7 17. Ra3 f5 18. exf5 $6 Bxd5 (18... Nf6 19. Ne4
Bxd5 20. Nxf6+ Qxf6 21. Bd2 Qxb2 22. Bxb4 Bf7 $1 $13) 19. Ne4 Bf7 $1 (19... Nf6
) 20. axb5 $2 (20. Nxd6 Rxe1+ 21. Nxe1 Ne5 $19) 20... d5 $1 (20... axb5 {
Schussler} 21. Rxa8 Qxa8 22. Nxd6 $16) 21. Nc3 (21. Ng3 Rxe1+ 22. Nxe1 axb5 $15
) 21... Rxe1+ 22. Nxe1 d4 23. Na2 (23. Be4 Ra7 24. Ne2 Nf6 25. Bf3 d3 $15) (23.
Ne4 axb5 24. f6 Nxf6 $6 (24... g6 $5) (24... Nd5 $5) 25. Nxf6+ gxf6 26. Rxa8
Qxa8 27. Qg4+ Kh8 28. Qf5 $36) 23... Nxa2 (23... a5 $5) 24. Bxa2 c4 $1 (24...
Bxa2 $6 25. Rxa2 axb5 26. Rxa8 Qxa8 27. Qb3+ $16) 25. Rxa6 Nc5 $1 26. Rxa8 Qxa8
$15 27. Bb1 d3 (27... Qa1 28. Bf4 Qxb2 29. Be5 $132) 28. Be3 Qa5 29. b3 $1 (29.
Nf3 Qxb5 30. Bxc5 Bxc5 $17) 29... Nxb3 (29... Qxb5 30. bxc4 Bxc4 31. Bxc5 Bxc5
32. Bxd3 $16) 30. Nxd3 cxd3 31. Bxd3 $44 Nc5 (31... Qb4 $5 { 32.... >>c5}) 32.
Bf1 Qc7 $138 (32... Qb4) 33. Qg4 Kh7 $6 (33... h5 $1) 34. Bc4 $1 Bxc4 (34...
Be8 $2 35. Bxh6 Kxh6 36. Qh4+ Bh5 37. g4 $18) (34... h5 35. Qe2 $10) 35. Qxc4
Qe5 36. Qf7 $1 $10 Bd6 37. g3 Qe7 38. Qg6+ Kh8 39. Bd4 (39. b6 $5 Nb7 (39...
Nd7 40. Qe6 Qxe6 41. fxe6 Nb8 42. e7 Bxe7 43. Bf4 $14) 40. Bd4 Be5 41. f6 Bxf6
42. Bxf6 Qxf6 $2 (42... gxf6 43. Qxh6+ Kg8 $14) 43. Qe8+ Kh7 44. Qe4+ {
 45.1/4b7 +-}) 39... Be5 40. Bxc5 Qxc5 41. Qe8+ Kh7 42. Qg6+ Kh8 43. Qe8+
1/2-1/2